| 000 | 00804nam a2200193Ii 4500 | ||
|---|---|---|---|
| 003 | JO-AjNU | ||
| 008 | 230605s9999||||xx |||||||||||||| ||und|| | ||
| 040 |
_aJO-AjNU _bara _erda _cJO-AjNU |
||
| 041 | _aara | ||
| 050 | 1 | 4 | _aPJ6106.K4897 1986 |
| 100 | 3 |
_aالخويسكي، زين كامل؛تقديم محمد مصطفى هدارة, _eauthor _916496 |
|
| 245 | 0 | 0 | _aالجملة الفعلية استفهامية ومؤكدة في شعر المتنبي |
| 264 | 3 | 1 | _aالقاهرة: مؤسسة شباب الجامعة للطباعة والنشر التوزيع ، 1986 |
| 300 | _a155ص | ||
| 336 |
_atext _btxt _2rdacontent |
||
| 337 |
_aunmediated _bn _2rdamedia |
||
| 338 |
_avolume _bnc _2rdacarrier |
||
| 650 | 4 |
_aاللغة العربية-الجملة الفعلية-شعر المتنبي _916497 |
|
| 999 |
_aA4904 _c8472 _d8472 |
||